00654nam a2200169 a 450000100100000000500170001000800410002704000250006810000270009324500800012026000530020030000290025350000420028250400320032495201110035699900170046700003972520201002033711.0130718s1978 xxua 000 0 spa d aDO-SdBNPbspacBNPHU1 aBrown, Jonathan96591710aImages and ideas in seventeenth-century spanish painting /cJonathan Brown. aNew Jersey :bPrinceton University Press,c1978. a168 p. :bils. ;c24 cm. aIncluye notas al pie de las páginas aBibliografía : p. 149-160 001054708MOaGRbGRcCTd2013-07-18iLF1l0o p39725-10r2020-06-25w2020-06-25y4ZPréstamo en sala c39215d39215